Statistics for 2008 Presidential Election Click Quiz

Click here to take the quiz!

General Stats

  • This quiz has been taken 437 times
  • The average score is 43 of 51

Answer Stats

HintAnswer% Correct
Connecitcut1. Barack Obama
98%
California1. Barack Obama
98%
Delaware1. Barack Obama
98%
District of Columbia1. Barack Obama
98%
Illinois1. Barack Obama
97%
Hawaii1. Barack Obama
97%
Massachusetts1. Barack Obama
96%
Maryland1. Barack Obama
96%
New York1. Barack Obama
95%
New Jersey1. Barack Obama
95%
Michigan1. Barack Obama
94%
Rhode Island1. Barack Obama
94%
Alabama2. John McCain
94%
Pennsylvania1. Barack Obama
92%
Colorado1. Barack Obama
92%
Maine1. Barack Obama
91%
Oregon1. Barack Obama
91%
New Hampshire1. Barack Obama
91%
Arkansas2. John McCain
91%
Idaho2. John McCain
91%
Minnesota1. Barack Obama
90%
Alaska2. John McCain
88%
Kentucky2. John McCain
87%
Nebraska2. John McCain
87%
Mississippi2. John McCain
87%
Vermont1. Barack Obama
85%
Washington1. Barack Obama
85%
Louisiana2. John McCain
85%
Oklahoma2. John McCain
85%
Montana2. John McCain
84%
Texas2. John McCain
83%
Ohio1. Barack Obama
81%
South Dakota2. John McCain
81%
Kansas2. John McCain
81%
Tennessee2. John McCain
80%
North Dakota2. John McCain
80%
Virginia1. Barack Obama
79%
Wisconsin1. Barack Obama
79%
New Mexico1. Barack Obama
78%
Missouri2. John McCain
78%
South Carolina2. John McCain
77%
Utah2. John McCain
76%
Nevada1. Barack Obama
74%
Georgia2. John McCain
74%
Wyoming2. John McCain
73%
Arizona2. John McCain
72%
West Virginia2. John McCain
68%
Florida1. Barack Obama
66%
Iowa1. Barack Obama
65%
North Carolina1. Barack Obama
64%
Indiana1. Barack Obama
56%

Score Distribution

Percentile by Number Answered

Percent of People with Each Score

Your Score History

You have not taken this quiz